| 000 | 04366nab a2200349 i 4500 | ||
|---|---|---|---|
| 003 | BR-BrBNA | ||
| 005 | 20250822095833.0 | ||
| 008 | 250822b2015 bl.qr|pooa||| 00| 0 por | | ||
| 040 |
_aBR-BrBNA _bpor |
||
| 072 |
_aF04 _b1845 |
||
| 072 | _aF61 | ||
| 100 | _aCosta, Jessilanne Plínia Barbosa de Medeiros | ||
| 100 | _aOliveira, Francisco de Assis de | ||
| 100 | _aOliveira, Mychelle Karla Teixeira de | ||
| 100 | _aSouza Neta, Maria Lilia de | ||
| 100 | _aBezerra, Francisco Mardones Servulo | ||
| 100 | _aCavalcante, Antonio Lucieudo Gonçalves | ||
| 245 | _aProdução de mudas de pimentão utilizando fertirrigação | ||
| 500 | _a Publicação online; 26 ref.; 4 illus.; Summaries (En, Pt) | ||
| 520 | _a RESUMO: A fertirrigação tem sido prática muito empregada em cultivos mais tecnificados, principalmente na fase de produção, mas pode ser utilizada na etapa de produção de mudas, desde que seja bem planejada quanto à concentração de nutrientes na solução nutritiva. Este trabalho foi desenvolvido com o objetivo de avaliar a produção de mudas de cinco cultivares de pimentão utilizando substrato de fibra de coco e fertirrigadas com diferentes soluções nutritivas. Utilizou-se o delineamento inteiramente casualizado, em esquema fatorial 5 × 5, com quatro repetições. Os tratamentos resultaram da combinação de cinco cultivares de pimentão (Amarelo SF 134, Cascadura Ikeda, Yolo Wonder, Rubi Gigante e All Big) com cinco concentrações de solução nutritiva (25, 50, 75, 100 e 125%), utilizando o sistema floating. As mudas foram avaliadas quanto aos parâmetros de desenvolvimento: altura de mudas, número de folhas, comprimento da raiz principal, diâmetro do caule e massa seca total. Todas as variáveis foram afetadas pelas soluções nutritivas, no entanto as respostas foram diferentes de acordo com a cultivar avaliada. As cultivares Amarelo SF 134, Cascadura Ikeda, Yolo Wonder e Rubi Gigante apresentaram mudas mais vigorosas que a cultivar All Big. Mudas de pimentão de melhor qualidade para as cultivares estudadas são obtidas com fertirrigação utilizando solução nutritiva na concentração variando de 70 a 80% da solução recomendada para a produção de mudas de pimentão. PALAVRAS-CHAVE: Capsicum annuum L., Fibra de coco, Solução nutritiva | ||
| 520 | _a ABSTRACT: The fertigation is a practice commonly used in more technified crops, mainly in the production phase, however it can be used in the seedling production stage, provided that the nutritive solution concentration is well planned. This work aimed to evaluate the production of five sweet pepper cultivars seedlings using coconut fiber substrate and fertigated with different nutrient solutions. The experimental design used was completely randomized in a 5 × 5 factorial scheme, with four replications. The treatments resulted from the combination of five sweet pepper cultivars (Amarelo SF 134, Cascadura Ikeda, Yolo Wonder, Rubi Gigante and All Big) with five nutrient solution concentrations (25, 50, 75, 100 and 125%) using the floating system. The seedlings were evaluated for development parameters: seedling height, number of leaves, and length of the main root, stem diameter and total dry mass. All variables were affected by nutrient solutions; however, the responses were different according to the cultivar evaluated. The cultivars Amarelo SF 134, Cascadura Ikeda, Yolo Wonder and Rubi Gigante had more vigorous seedlings than the cultivar All Big. Fertigation provides best quality sweet pepper seedlings for the studied with nutrient solution at a concentration ranging from 70 to 80% of the recommended solution for the production of sweet pepper seedling. KEYWORDS: Capsicum annuum L., Coconut fiber, Nutrient solution | ||
| 650 | _aPIMENTÃO | ||
| 650 | _aVARIEDADE | ||
| 650 | _aMUDA | ||
| 650 | _aFERTIRRIGAÇÃO | ||
| 650 | _aSOLUÇÃO NUTRITIVA | ||
| 650 | _aPRODUTIVIDADE | ||
| 773 | 0 |
_03551 _9345986 _dBelém-PA Faculdade de Ciências Agrárias do Pará 1999 _o2024-6635 _tRevista de Ciências Agrárias (Brazil) _x1517-591X Impresso/Versão online ISSN 2177-8760 _gv. 58(3) p. 263-269; (2015) _wBR2025002730 |
|
| 856 | _uhttps://ajaes.ufra.edu.br/index.php/ajaes/article/view/1882/658 | ||
| 942 | _cANA | ||
| 999 |
_c337732 _d337732 |
||